[Event "Open Ricany 2011"]
[Site "http://www.openricany.cz"]
[Date "2011.08.27"]
[Round "9.36"]
[White "Vavrinec, Tomas"]
[Black "Sargsjan, Karen"]
[Result "1-0"]
[WhiteElo "2015"]
[BlackElo "1881"]

1. c4 e5 2. Nc3 Nf6 3. g3 Bc5 4. Bg2 O-O 5. e3 Nc6 6. Nge2 Re8 7. d3 a5 8. O-O
Bf8 9. a3 d6 10. Rb1 Bg4 11. b4 Qc8 12. b5 Nd8 13. Re1 b6 14. Bb2 Ne6 15. f3 Bf5
16. e4 Bg6 17. d4 Ng5 18. h4 Ne6 19. Bh3 Qb7 20. Nd5 Nd7 21. Rc1 Rad8 22. Qd2
exd4 23. Nxd4 Ne5 24. Bg2 Nc5 25. Re3 h6 26. Qe2 Qc8 27. Kh2 h5 28. Nf4 Qb7
29. Re1 Rd7 30. Bh3 Rde7 31. Nd5 Ng4+ 32. fxg4 Rxe4 33. gxh5 Rxe3 34. Nxe3 Bd3
35. Qd2 g6 36. Nc6 Bh6 37. Qc3 Kh7 38. Ng4 Na4 39. Nf6+ 1-0

[Event "Open Ricany 2011"]
[Site "http://www.openricany.cz"]
[Date "2011.08.27"]
[Round "9.50"]
[White "Kucera, Josef"]
[Black "Ruzicka, Vaclav"]
[Result "1/2-1/2"]
[WhiteElo "1852"]
[BlackElo "1740"]

1. Nf3 d5 2. g3 Nd7 3. Bg2 e5 4. d3 Ngf6 5. Nbd2 c6 6. O-O Be7 7. e4 O-O 8. Re1
Qc7 9. d4 Nxe4 10. Nxe4 dxe4 11. Rxe4 f5 12. Re1 e4 13. Ng5 Nf6 14. c3 Qb6
15. f3 h6 16. Nh3 Bd6 17. fxe4 fxe4 18. Nf2 Bf5 19. Nxe4 Nxe4 20. Bxe4 Qc7
21. Bxf5 Rxf5 22. Qg4 Rf6 23. Bd2 Raf8 24. Rf1 Qf7 25. Rxf6 Qxf6 26. Qe2 Qf7
27. b3 Qg6 28. Re1 Rf6 29. Qe8+ Qxe8 30. Rxe8+ Kf7 31. Re4 g5 32. Kg2 Rf5
33. Re2 b5 34. h4 gxh4 35. gxh4 Be7 36. Be1 c5 37. Rf2 Ke6 38. Rxf5 Kxf5 39. Kf3
cxd4 40. cxd4 h5 41. Bf2 a6 42. Bg3 Bd8 43. d5 Bf6 44. d6 Bd8 45. Ke3 Kg4
46. Be1 Kf5 47. Kd4 Ke6 48. Kc5 Kd7 49. Bg3 Ba5 50. b4 Bd8 51. Be1 Bf6 52. Bg3
Bd8 53. Bf2 Bf6 54. Kd5 Bc3 55. Kc5 Be5 56. Kb6 Bxd6 1/2-1/2

[Event "Open Ricany 2011"]
[Site "http://www.openricany.cz"]
[Date "2011.08.27"]
[Round "9.8"]
[White "Vanka, Miloslav"]
[Black "Rehorek, Martin"]
[Result "0-1"]
[WhiteElo "2120"]
[BlackElo "2296"]

1. d4 Nf6 2. Bg5 Ne4 3. Bf4 e6 4. Nd2 d5 5. Nxe4 dxe4 6. e3 Bd6 7. Qg4 O-O
8. Bxd6 f5 9. Bxc7 Qxc7 10. Qd1 e5 11. c3 f4 12. Qb3+ Kh8 13. O-O-O exd4 14. Qb4
Rf6 15. Qxd4 Nc6 16. Qa4 Bf5 17. Ne2 fxe3 18. fxe3 Ne5 19. Nf4 Rc6 20. Nd5 Qf7
21. Qd4 Ng4 22. Rd2 Rd8 23. Bc4 Be6 24. Rf1 Nf6 25. Bb3 Rcd6 26. c4 b5 27. c5
Rxd5 28. Bxd5 Rxd5 29. Qc3 Rxd2 30. Qxd2 h6 31. b3 Qh5 32. Qd4 Qe8 33. Qd6 Bd7
34. Rd1 a5 35. h3 a4 36. Kb2 Qa8 37. b4 a3+ 38. Kc3 Qg8 39. Qd4 Qxa2 40. Rd2 Qb1
41. c6 Bxc6 0-1

[Event "Open Ricany 2011"]
[Site "http://www.openricany.cz"]
[Date "2011.08.27"]
[Round "9.30"]
[White "Kovar, Jan"]
[Black "Hajek, Jiri"]
[Result "1-0"]
[WhiteElo "2002"]
[BlackElo "1847"]

1. d4 g6 2. e4 Bg7 3. c4 d6 4. Nc3 Nf6 5. f3 O-O 6. Be3 Nc6 7. Bd3 e5 8. d5 Nd4
9. Nge2 Nh5 10. Bb1 Qh4+ 11. Bf2 Qg5 12. Rg1 Nf4 13. Nxf4 Qxf4 14. Ne2 Nxe2
15. Kxe2 Qxh2 16. g3 Qh5 17. Rh1 Qg5 18. g4 Bh6 19. Bd3 Qf4 20. Qc2 Bg5 21. Rag1
Kg7 22. Rg2 Rh8 23. Rgh2 Bd7 24. c5 Rac8 25. Bc4 h6 26. b4 c6 27. Qd3 cxd5
28. Bxd5 a6 29. Bc4 d5 30. exd5 e4 31. Bd4+ f6 32. Qe3 Qg3 33. Qf2 exf3+ 34. Kd3
Qxg4 35. Rh3 b5 36. Bb3 Bf5+ 37. Kc3 Be4 38. Rg3 Qf4 39. Rgg1 Rhe8 40. Rd1 Bf5
41. Rde1 Re4 42. Bc2 Rxd4 43. Qxd4 Qxd4+ 44. Kxd4 Bxc2 45. d6 f5 46. Rhf1 Bf6+
47. Kd5 Bh4 48. d7 Rd8 49. c6 f2 50. Re8 Be4+ 51. Kd6 Bg3+ 52. Kc5 Bh4 53. c7
1-0

[Event "Open Ricany 2011"]
[Site "http://www.openricany.cz"]
[Date "2011.08.27"]
[Round "9.12"]
[White "Kohout, Vratislav"]
[Black "Boucek, Vlastimil"]
[Result "1-0"]
[WhiteElo "2153"]
[BlackElo "1984"]

1. d4 e6 2. c4 h6 3. Nc3 Nf6 4. e4 d6 5. Be3 c6 6. Be2 Nbd7 7. h3 Qa5 8. Qd2 e5
9. Nf3 Be7 10. O-O Qc7 11. Rad1 a5 12. Nh2 g5 13. Rfe1 Nf8 14. h4 gxh4 15. f4 h3
16. fxe5 dxe5 17. d5 Bb4 18. d6 Qd7 19. Nf3 Ng6 20. a3 Bxc3 21. Qxc3 Nxe4
22. Qc2 Ng5 23. Bd3 Qxd6 24. c5 Qe6 25. Bxg5 hxg5 {Dale necitelne!} 1-0

[Event "Open Ricany 2011"]
[Site "http://www.openricany.cz"]
[Date "2011.08.27"]
[Round "9.13"]
[White "Moravec, Vit"]
[Black "Cap, Adam"]
[Result "1/2-1/2"]
[WhiteElo "2148"]
[BlackElo "1934"]

1. e4 e5 2. f4 exf4 3. Nf3 g5 4. h4 g4 5. Ne5 Nf6 6. d4 d6 7. Nd3 Nh5 8. Bxf4
Bg7 9. c3 O-O 10. Nd2 Nc6 11. Qb3 Kh8 12. O-O-O a5 13. Qb5 f5 14. g3 a4 15. a3
Ra5 1/2-1/2

[Event "Open Ricany 2011"]
[Site "http://www.openricany.cz"]
[Date "2011.08.27"]
[Round "9.4"]
[White "Vojta, Pavel"]
[Black "Svoboda,Vaclav"]
[Result "1/2-1/2"]
[WhiteElo "2175"]
[BlackElo "2286"]

1. d4 Nf6 2. Nf3 e6 3. c4 c5 4. d5 b5 5. Nc3 b4 6. Na4 exd5 7. cxd5 Bb7 8. Bg5
h6 9. Bxf6 Qxf6 10. e4 Qe7 11. Qe2 Ba6 12. Qe3 Bxf1 13. Kxf1 d6 14. e5 Nd7
15. exd6 Qxe3 16. fxe3 Bxd6 17. Rc1 O-O 18. Kf2 Rfe8 19. Rhd1 Nf6 20. Rc4 Re7
21. Rd3 h5 22. Ke2 Rae8 23. h3 Ne4 24. Nd2 Nxd2 25. Kxd2 f5 26. b3 f4 27. Nxc5
Rxe3 28. Rxe3 fxe3+ 29. Ke2 Re5 30. Ne4 Rxd5 31. Nxd6 Rxd6 32. Kxe3 Ra6 1/2-1/2

[Event "Open Ricany 2011"]
[Site "http://www.openricany.cz"]
[Date "2011.08.27"]
[Round "9.28"]
[White "Maly, Filip"]
[Black "Franek, Jan"]
[Result "0-1"]
[WhiteElo "2007"]
[BlackElo "1891"]

1. e4 e5 2. Nf3 Nc6 3. Bb5 f5 4. Nc3 fxe4 5. Nxe4 Nf6 6. Ng3 Bc5 7. O-O O-O
8. Nxe5 Nd4 9. c3 Nxb5 10. Qb3+ d5 11. Qxb5 Qd6 12. d4 Bb6 13. Re1 Ng4 14. Bg5
h6 15. Be7 Qxe7 16. Nxg4 Qg5 17. Ne5 c6 18. Qb3 h5 19. Ne4 Qf5 20. f3 Qxe5
21. Qxb6 dxe4 22. Qb3+ Qd5 0-1

[Event "Open Ricany 2011"]
[Site "http://www.openricany.cz"]
[Date "2011.08.27"]
[Round "9.20"]
[White "Koper, Stefan"]
[Black "Dungl, Martin"]
[Result "0-1"]
[WhiteElo "2031"]
[BlackElo "2001"]

1. d4 Nf6 2. c4 e6 3. Nf3 Bb4+ 4. Bd2 Qe7 5. e3 O-O 6. Qc2 Bxd2+ 7. Nbxd2 d6
8. Bd3 Nbd7 9. O-O b6 10. e4 e5 11. d5 Nh5 12. g3 Nc5 13. Be2 f5 14. Nh4 Nf4
15. Bd1 Nh3+ 16. Kg2 fxe4 17. Nxe4 Nxe4 18. Qxe4 Ng5 19. Qe3 Bh3+ 20. Kg1 Bxf1
21. Kxf1 Nh3 22. f3 g5 23. Ng2 Rae8 24. Qe4 Qf7 25. Ne3 h5 26. g4 hxg4 27. Nxg4
Qh5 28. f4 Qh4 29. Qg6+ Kh8 30. f5 Nf4 31. Qh6+ Qxh6 32. Nxh6 Kg7 33. Ng4 Rxf5
34. Ne3 Rf6 35. Bg4 Nxd5+ 36. Nf5+ Rxf5+ 0-1

[Event "Open Ricany 2011"]
[Site "http://www.openricany.cz"]
[Date "2011.08.27"]
[Round "9.33"]
[White "Tvrdy, Jindrich"]
[Black "Pilny, Jiri"]
[Result "1-0"]
[WhiteElo "1920"]
[BlackElo "1723"]

1. e4 e6 2. Qe2 b6 3. Nc3 Bb7 4. g3 c5 5. Bg2 Nc6 6. d3 Nd4 7. Qd1 Ne7 8. f4
Nec6 9. Nge2 g6 10. O-O Bg7 11. e5 d5 12. Rb1 Qe7 13. a3 Nxe2+ 14. Qxe2 a6
15. Nd1 O-O 16. c3 b5 17. Bd2 Rfd8 18. b3 a5 19. g4 d4 20. c4 b4 21. a4 Qc7
22. Nf2 Ne7 23. Bxb7 Qxb7 24. Ne4 Qc7 25. Qg2 f5 26. exf6 1-0

[Event "Open Ricany 2011"]
[Site "http://www.openricany.cz"]
[Date "2011.08.27"]
[Round "9.45"]
[White "Vrecion, Jiri"]
[Black "Plicka, Petr"]
[Result "1-0"]
[WhiteElo "1771"]
[BlackElo "1864"]

1. d4 Nf6 2. Nf3 e6 3. c4 d5 4. Nc3 Be7 5. Bg5 Nbd7 6. e3 O-O 7. Be2 c5 8. cxd5
Nxd5 9. Bxe7 Nxe7 10. dxc5 Nxc5 11. O-O Qb6 12. Rb1 Rd8 13. Qc2 Bd7 14. Ne5 Rac8
15. Nxd7 Nxd7 16. Qb3 Qc7 17. Rbc1 Qb8 18. Qa3 Nc6 19. Rfd1 Nde5 20. h3 g6
21. Kf1 a6 22. b3 Rc7 23. Qb2 Rcd7 24. a3 Rxd1+ 25. Rxd1 Rxd1+ 26. Nxd1 Qd8
27. Qc3 Qd6 28. b4 b5 29. Nb2 h5 30. f4 Nd7 31. Bf3 Ne7 32. Ke2 Nb6 33. Qd3 Nbd5
34. g3 Qb6 35. Nd1 Qc7 36. e4 Nb6 37. Qc3 Qc4+ 38. Qd3 Nc6 39. Qxc4 Nxc4 40. Kd3
e5 41. Ne3 Nxa3 42. Kc3 Kf8 43. Bd1 h4 44. fxe5 hxg3 45. Bf3 Nxe5 46. Bg2 Nac4
47. Nf1 Ne3 48. Nxe3 Ke7 49. Nf1 f5 50. exf5 gxf5 51. Nxg3 f4 52. Ne4 f3 53. Bf1
Kd7 54. Nc5+ Kc6 55. Nd3 Nc4 56. h4 Ne3 57. Bh3 Kd6 58. Kd2 Nc4+ 59. Ke1 Kd5
60. Kf2 Kd4 61. Bf5 a5 62. bxa5 Nxa5 63. Kxf3 Nc6 64. h5 Ne7 65. Bg6 b4 66. Nxb4
Ke5 67. Kg4 Kf6 68. Bc2 Ng8 69. Nd5+ Ke5 70. Bb3 Nh6+ 71. Kg5 Nf5 72. Bc2 Nd6
73. Ne7 Ke6 74. Ng8 Kf7 75. Bb3+ Kg7 76. Bd5 Ne8 77. Ne7 Nc7 78. h6+ Kh7
79. Bg8+ Kh8 80. h7 Ne8 81. Ng6+ Kg7 82. h8=Q# 1-0

[Event "Open Ricany 2011"]
[Site "http://www.openricany.cz"]
[Date "2011.08.27"]
[Round "9.16"]
[White "Vesecky, Martin"]
[Black "Vorackova, Jarmila"]
[Result "1-0"]
[WhiteElo "2083"]
[BlackElo "1925"]

1. d4 d5 2. Nf3 c6 3. c4 Nf6 4. g3 Bf5 5. Bg2 e6 6. O-O Nbd7 7. cxd5 exd5
8. Nc3 Be7 9. b3 O-O 10. Bb2 Re8 11. Nh4 Bg6 12. Nxg6 hxg6 13. Rc1 Nh5 14. e4
dxe4 15. d5 Bg5 16. Rc2 Ne5 17. Nxe4 Bf6 18. f4 cxd5 19. Nxf6+ gxf6 20. fxe5
fxe5 21. Qxd5 Qb6+ 22. Kh1 Qe3 23. Qxf7+ Kh8 24. Qxg6 1-0

[Event "Open Ricany 2011"]
[Site "http://www.openricany.cz"]
[Date "2011.08.27"]
[Round "9.44"]
[White "Cerny, Michal"]
[Black "Lorenc, Tomas"]
[Result "1/2-1/2"]
[WhiteElo "1806"]
[BlackElo "1875"]

1. e4 c5 2. Nf3 Nc6 3. d4 cxd4 4. Nxd4 g6 5. Be3 Bg7 6. Nc3 Nf6 7. f3 O-O
8. Qd2 d5 9. exd5 Nxd5 10. Nxd5 Qxd5 11. Nxc6 Qxc6 12. c3 Bf5 13. Rd1 e5 14. Be2
e4 15. O-O Rfe8 1/2-1/2

[Event "Open Ricany 2011"]
[Site "http://www.openricany.cz"]
[Date "2011.08.27"]
[Round "9.7"]
[White "Rehak, Martin"]
[Black "Haba, Zdenek"]
[Result "0-1"]
[WhiteElo "2129"]
[BlackElo "2207"]

1. c4 g6 2. d4 Bg7 3. e4 c5 4. d5 d6 5. Be2 e6 6. Nf3 exd5 7. cxd5 Ne7 8. Nc3
O-O 9. Bg5 h6 10. Be3 a6 11. Qc1 Kh7 12. a4 f5 13. e5 dxe5 14. Bxc5 Nd7 15. Ba3
b6 16. d6 Ng8 17. O-O e4 18. Nd2 Bb7 19. f4 Rc8 20. Qe1 Ngf6 21. Kh1 Nc5 22. Rd1
Re8 23. Qg3 Nfd7 24. Ra1 Qf6 25. Qe3 Qxd6 26. Rfc1 Qd4 27. Qxd4 Bxd4 28. Nf1 Nb3
0-1

[Event "Open Ricany 2011"]
[Site "http://www.openricany.cz"]
[Date "2011.08.27"]
[Round "9.9"]
[White "Balacek, Tadeas"]
[Black "Skacel, Jan"]
[Result "1/2-1/2"]
[WhiteElo "2251"]
[BlackElo "2050"]

1. d4 d5 2. Nf3 c6 3. c4 e6 4. Qc2 Nf6 5. g3 Qa5+ 6. Bd2 Bb4 7. Bg2 Ne4 8. Bxb4
Qxb4+ 9. Nbd2 Nxd2 10. Nxd2 Nd7 11. O-O O-O 12. e4 dxc4 13. a3 Qd6 14. Nxc4 Qxd4
15. Rad1 Qf6 16. f4 e5 17. Nd6 Nb6 18. fxe5 Qxe5 19. Rf4 Be6 20. Bf1 Rab8 21. b3
Nd7 22. Bc4 Qa5 1/2-1/2

[Event "Open Ricany 2011"]
[Site "http://www.openricany.cz"]
[Date "2011.08.27"]
[Round "9.47"]
[White "Adamik, Frantisek"]
[Black "Soltys, Roman"]
[Result "1-0"]
[WhiteElo "1879"]
[BlackElo "1825"]

1. c4 e5 2. Nc3 d6 3. e4 g6 4. g4 Nd7 5. Nge2 Bg7 6. Ng3 b6 7. h4 Bb7 8. f3 Nc5
9. d3 Ne6 10. Be3 Bf6 11. h5 Qd7 12. Qd2 O-O-O 13. b4 g5 14. a4 h6 15. a5 Nd4
16. Bxd4 exd4 17. Nb5 a6 18. Na3 b5 19. cxb5 axb5 20. Be2 Be5 21. Nf5 c6 22. Kf2
Ne7 23. Qc2 Nxf5 24. gxf5 Kb8 25. Qa2 Ba6 26. Bd1 Rhg8 27. Rg1 Rg7 28. Bb3 Qe7
29. Rg4 Bf4 30. Qc2 Be3+ 31. Ke2 Rc8 32. Qb2 Qe5 33. Rh1 d5 34. Nc2 dxe4
35. fxe4 Bf4 36. Qxd4 Qxd4 37. Nxd4 Be5 38. Nc2 c5 39. bxc5 Bc3 40. d4 f6
41. Be6 Rcc7 42. Rg3 b4+ 43. Kf2 Rb7 44. Rb1 Kc7 45. Rb3 Rb8 46. d5 Rb5
47. Rbxc3 bxc3 48. Rxc3 Rxa5 49. d6+ Kd8 50. c6 Bc8 51. Bd5 Rxd5 52. exd5 Bxf5
53. Nd4 Bg4 54. Ne6+ Bxe6 55. dxe6 f5 56. Ra3 1-0

[Event "Open Ricany 2011"]
[Site "http://www.openricany.cz"]
[Date "2011.08.27"]
[Round "9.10"]
[White "Hadzala, Daniel"]
[Black "Holub, Milan"]
[Result "1-0"]
[WhiteElo "2162"]
[BlackElo "2061"]

1. Nf3 Nf6 2. g3 d5 3. c4 c6 4. Bg2 g6 5. O-O Bg7 6. Qb3 Nbd7 7. d4 O-O 8. Nc3
Qb6 9. c5 Qa6 10. Re1 b6 11. e4 bxc5 12. exd5 Nxd5 13. Nxd5 cxd5 14. Qxd5 e6
15. Qxa8 Bb7 16. Qxf8+ Kxf8 17. dxc5 Nxc5 18. Be3 Nd3 19. Red1 Bf6 20. Bh6+ Kg8
21. Bf1 Bxf3 22. Rxd3 Qb7 23. Rb3 Qa8 24. Rc1 Bd5 25. Rb5 Bd4 26. Rxd5 exd5
27. Ba6 Bg7 28. Bxg7 Kxg7 29. Rc8 1-0

[Event "Open Ricany 2011"]
[Site "http://www.openricany.cz"]
[Date "2011.08.27"]
[Round "9.34"]
[White "Hadrava, Jaroslav"]
[Black "Framberk, Jan"]
[Result "1-0"]
[WhiteElo "1890"]
[BlackElo "2063"]

1. e4 c5 2. Nf3 Nc6 3. d4 cxd4 4. Nxd4 g6 5. Nc3 Bg7 6. Be3 Nf6 7. Bc4 O-O
8. Bb3 a5 9. a4 Ng4 10. Nxc6 Nxe3 11. Nxd8 Nxd1 12. Rxd1 Rxd8 13. Nd5 Ra6
14. Nxe7+ Kf8 15. Nxc8 Rxc8 16. Rxd7 Rf6 17. Rxb7 Re8 18. f3 Re7 19. Rb8+ Re8
20. Rxe8+ Kxe8 21. Bc4 Rd6 22. b3 Bc3+ 23. Kf2 Rd2+ 24. Kg3 Rxc2 25. Rd1 Rd2
26. Rc1 Bb4 27. Bd5 f6 28. Rc8+ Kd7 29. Rh8 h5 30. Rh6 h4+ 31. Rxh4 Bc3 32. Rh6
g5 33. Kh3 Rf2 34. Rh7+ Kd6 35. Ra7 Re2 36. Ra6+ Kd7 37. Rc6 Re3 38. Rc5 Kd6
39. Rb5 Rd3 40. Bc4 Re3 41. Rd5+ Ke7 42. Rd1 Re1 43. Rxe1 Bxe1 44. Kg4 Bf2
45. e5 Bg1 46. h4 gxh4 47. Kxh4 Bh2 48. g3 Bg1 49. f4 Bh2 50. Kg4 Bg1 1-0

[Event "Open Ricany 2011"]
[Site "http://www.openricany.cz"]
[Date "2011.08.27"]
[Round "9.37"]
[White "Krejci, Martin"]
[Black "Rydl, Jiri"]
[Result "1/2-1/2"]
[WhiteElo "1878"]
[BlackElo "2007"]

1. e4 e6 2. d4 d5 3. e5 c5 4. c3 Nc6 5. Nf3 Qb6 6. a3 Nh6 7. b4 cxd4 8. cxd4
Nf5 9. Bb2 Be7 10. Bd3 O-O 11. O-O a5 12. b5 a4 13. Ra2 Nb8 14. Nc3 g6 15. Bxf5
gxf5 16. Qd3 Bd7 17. Bc1 Ra5 18. Bh6 Bxb5 19. Qe3 Bxf1 20. Ng5 f4 21. Qh3 Bxg5
22. Qg4 f6 23. exf6 Bd3 24. Qxg5+ Bg6 25. Bxf8 Kxf8 26. Qh6+ Ke8 27. Qg7 Nc6
28. Qg8+ Kd7 29. f7 Bxf7 30. Qxf7+ Ne7 31. Re2 1/2-1/2

[Event "Open Ricany 2011"]
[Site "http://www.openricany.cz"]
[Date "2011.08.27"]
[Round "9.3"]
[White "Jupter, Jan"]
[Black "Zvara, David"]
[Result "1/2-1/2"]
[WhiteElo "2293"]
[BlackElo "1979"]

1. d4 Nf6 2. c4 e5 3. dxe5 Ng4 4. Bf4 Nc6 5. Nf3 Bb4+ 6. Nc3 Bxc3+ 7. bxc3 Qe7
8. Qd5 f6 9. exf6 Nxf6 10. Qd3 d6 11. g3 O-O 12. Bg2 Be6 13. Nd4 Bd7 14. O-O Ne5
15. Bxe5 dxe5 16. Nb3 Rab8 17. c5 c6 18. Rad1 Rfe8 19. c4 Be6 20. Qc3 Nd7
21. Rc1 Bf7 22. Qe3 Nf6 23. Rfd1 Red8 24. Rd6 Ne8 25. Rd3 Bg6 26. Rxd8 Rxd8
27. f4 Nf6 28. h3 Re8 29. Bf3 Qe6 30. g4 exf4 31. Qxf4 Nd7 32. Rd1 Ne5 33. Qd4
Nxc4 34. Kf2 Ne5 35. Qd6 Qc4 36. Rd4 Qc2 37. Rd2 Qb1 38. Qd4 1/2-1/2

[Event "Open Ricany 2011"]
[Site "http://www.openricany.cz"]
[Date "2011.08.27"]
[Round "9.26"]
[White "Pavlicek, Petr"]
[Black "Pribyl, Jaroslav"]
[Result "1-0"]
[WhiteElo "2013"]
[BlackElo "1864"]

1. d4 d5 2. c4 c6 3. Nc3 Nf6 4. Nf3 Bf5 5. Qb3 Bc8 6. e3 e6 7. a4 Bd6 8. Bd3
O-O 9. O-O Nbd7 10. Rd1 Re8 11. e4 dxe4 12. Nxe4 Nxe4 13. Bxe4 Qc7 14. g3 Nf6
15. Bc2 c5 16. Bg5 Be7 17. Qd3 g6 18. dxc5 Qxc5 19. Qc3 Ng4 20. Bxe7 Qxe7 21. h3
Nf6 22. Ne5 b6 23. g4 Bb7 24. g5 Ne4 25. Bxe4 Qxg5+ 26. Ng4 Bxe4 27. f4 Qc5+
28. Kf1 Bc6 29. Nh6+ Kf8 30. b4 Qh5 31. Ng4 Qh4 32. b5 h5 33. Nf2 Qxf4 34. bxc6
f6 35. Rd7 Rec8 36. c7 g5 37. Rad1 g4 38. hxg4 hxg4 39. R1d4 Qe5 40. Qd2 1-0

[Event "Open Ricany 2011"]
[Site "http://www.openricany.cz"]
[Date "2011.08.27"]
[Round "9.22"]
[White "Martinec, Karel"]
[Black "Vorackek, Zdenek"]
[Result "1/2-1/2"]
[WhiteElo "1971"]
[BlackElo "2063"]

1. d4 Nf6 2. Nf3 e6 3. c4 c5 4. Nc3 cxd4 5. Nxd4 Bb4 6. Bd2 O-O 7. e3 Nc6
8. Nxc6 bxc6 9. Be2 d5 10. cxd5 exd5 11. O-O Qd6 12. Rc1 Ba5 13. Bf3 Bc7 14. g3
Bf5 15. Ne2 Rab8 16. Bc3 Ne4 17. Bd4 Bh3 18. Bxe4 Bxf1 19. Bc5 Bxe2 20. Qxe2 Qf6
21. Bxf8 Kxf8 22. Bd3 Rxb2 23. Rc2 Rxc2 24. Qxc2 Bb6 25. Kg2 h5 26. a4 Kg8
27. Qe2 g6 28. h3 Qc3 29. Qc2 Qxc2 30. Bxc2 Kf8 31. Kf3 Ke7 32. Kf4 Kf6 33. Kf3
Ke5 34. Ke2 c5 35. f4+ Kd6 36. g4 hxg4 37. hxg4 c4 38. f5 g5 39. Kd2 Ba5+
40. Ke2 Bc7 41. Kd2 Kc5 42. Bd1 f6 43. Bc2 Kb4 44. Bd1 Ba5 45. Kc1 Kc3 46. Bf3
Bb6 47. Bxd5 Bxe3+ 48. Kd1 Kd3 49. Be6 Bf4 50. Bf7 c3 51. Bb3 Ke3 52. Bf7 Kd3
53. Bb3 a5 54. Bc2+ Kc4 55. Ke2 Bd2 56. Kf3 Kd4 57. Ke2 Kc4 58. Kf3 Kb4 59. Ke4
Ka3 60. Kd3 Kb2 61. Bd1 Be1 62. Bc2 Bg3 1/2-1/2

[Event "Open Ricany 2011"]
[Site "http://www.openricany.cz"]
[Date "2011.08.27"]
[Round "9.52"]
[White "Havlicek, Pavel"]
[Black "Nigrin, Jiri"]
[Result "1/2-1/2"]
[WhiteElo "1735"]
[BlackElo "1700"]

1. b4 e5 2. Bb2 Bxb4 3. Bxe5 Nf6 4. e3 Nc6 5. Bb2 d6 6. Bc4 d5 7. Bb3 Be6
8. Ne2 O-O 9. Nd4 Nxd4 10. Bxd4 c5 11. Bb2 c4 12. Ba4 a6 13. c3 Be7 14. O-O Ne4
15. f3 Nc5 16. Bc2 Re8 17. Na3 Bf6 18. Nb1 Qd7 19. e4 d4 20. Qe1 d3 21. Bd1 b5
22. e5 Be7 23. Ba3 Qa7 24. Kh1 Nd7 25. Bxe7 Rxe7 26. a4 Nc5 27. f4 Bd5 28. Bf3
Bxf3 29. Rxf3 Ne6 30. Qe4 Rae8 31. Rh3 g6 32. a5 1/2-1/2

[Event "Open Ricany 2011"]
[Site "http://www.openricany.cz"]
[Date "2011.08.27"]
[Round "9.31"]
[White "Marik, Miroslav"]
[Black "Popelka, Pavel"]
[Result "1-0"]
[WhiteElo "1988"]
[BlackElo "1984"]

1. e4 e5 2. Nf3 Nc6 3. Bb5 a6 4. Ba4 b5 5. Bb3 d6 6. d4 Bb7 7. O-O Nf6 8. Ng5
Qe7 9. Bxf7+ Kd8 10. dxe5 Nxe5 11. Bd5 c6 12. f4 cxd5 13. fxe5 Nxe4 14. Rf7 Qe8
15. exd6 Qc6 16. Rf4 {Dale necitene!} 1-0

[Event "Open Ricany 2011"]
[Site "http://www.openricany.cz"]
[Date "2011.08.27"]
[Round "9.29"]
[White "Filip, Vojtech"]
[Black "Postupa, Martin"]
[Result "0-1"]
[WhiteElo "1784"]
[BlackElo "2005"]

1. e4 e5 2. Nc3 Nc6 3. Bc4 Nf6 4. d3 Bc5 5. Nf3 h6 6. h3 d6 7. O-O O-O 8. Be3
Bb6 9. Nd5 Nxd5 10. Bxd5 Ne7 11. Bb3 Kh7 12. Bxb6 axb6 13. d4 f6 14. c3 Ng6
15. Kh2 Qe8 16. Re1 Ra5 17. Bc2 Be6 18. Bb3 Nf4 19. Bxe6 Qxe6 20. a3 g5 21. d5
Qf7 22. g4 h5 23. Kg3 Rh8 24. Rh1 Kg7 25. Nd2 Qd7 26. c4 Raa8 27. Qf3 b5 28. b3
hxg4 29. hxg4 Rxh1 30. Rxh1 Rxa3 31. Rh2 Ra1 0-1

[Event "Open Ricany 2011"]
[Site "http://www.openricany.cz"]
[Date "2011.08.27"]
[Round "9.17"]
[White "Grecny, Karol"]
[Black "Hrdina, Robin"]
[Result "0-1"]
[WhiteElo "1975"]
[BlackElo "2089"]

1. e4 c5 2. Nf3 e6 3. d4 cxd4 4. Nxd4 a6 5. Be2 Nf6 6. Nd2 Qc7 7. O-O Bd6 8. g3
b5 9. Bf3 Bb7 10. Re1 Nc6 11. Nxc6 dxc6 12. c4 O-O 13. Qc2 e5 14. Nf1 Nd7
15. Be3 c5 16. Bd2 f5 17. Ne3 f4 18. gxf4 exf4 19. Nf5 Rxf5 20. exf5 Bxf3
21. Re6 Qd8 22. f6 Nf8 23. Qf5 Qd7 24. Rae1 Nxe6 25. Rxe6 gxf6 26. Qxf6 Bf8 0-1

[Event "Open Ricany 2011"]
[Site "http://www.openricany.cz"]
[Date "2011.08.27"]
[Round "9.14"]
[White "Wasserbauer, Radek"]
[Black "Vevera, Radek"]
[Result "1-0"]
[WhiteElo "2145"]
[BlackElo "2043"]

1. e4 c6 2. d4 d5 3. exd5 cxd5 4. c3 Nf6 5. Bd3 Nc6 6. Bf4 g6 7. Nf3 Bg7
8. Nbd2 O-O 9. O-O Nh5 10. Bg5 Qd6 11. Re1 Nf4 12. Bb5 Re8 13. c4 a6 14. cxd5
Nxd5 15. Nc4 Qb4 16. Bxc6 bxc6 17. Rc1 Bg4 18. a3 Qb5 19. Nce5 Bxf3 20. Qxf3 Nf6
21. Rc5 Qxb2 22. Nxc6 Nd7 23. Rxe7 Qa2 24. Rc2 Rab8 25. g3 Ne5 26. dxe5 1-0

[Event "Open Ricany 2011"]
[Site "http://www.openricany.cz"]
[Date "2011.08.27"]
[Round "9.39"]
[White "Jonas, Vaclav"]
[Black "Koller, Martin"]
[Result "1-0"]
[WhiteElo "1963"]
[BlackElo "1758"]

1. e4 e5 2. Nf3 Nc6 3. Bb5 a6 4. Ba4 Nf6 5. d4 exd4 6. O-O Be7 7. Re1 O-O 8. e5
Nd5 9. Nxd4 Bc5 10. Nf5 d6 11. Qxd5 Bxf5 12. exd6 Bxf2+ 13. Kxf2 Qh4+ 14. g3
Qxh2+ 15. Qg2 Qh5 16. Bxc6 bxc6 17. Bf4 Rab8 18. b3 Be6 19. Nc3 Rb5 20. Nxb5
axb5 21. Re5 Qg6 22. Qe4 Qf6 23. Rd1 1-0

[Event "Open Ricany 2011"]
[Site "http://www.openricany.cz"]
[Date "2011.08.27"]
[Round "9.25"]
[White "Skala, Jaromir"]
[Black "Burianek, Petr"]
[Result "1-0"]
[WhiteElo "2020"]
[BlackElo "1892"]

1. e4 e5 2. Nf3 Nc6 3. Bc4 Nf6 4. d4 exd4 5. O-O Be7 6. e5 Ne4 7. Bd5 Nc5
8. Nxd4 O-O 9. Re1 Nxd4 10. Qxd4 c6 11. Bf3 d5 12. b3 Bf5 13. Qd1 Ne4 14. Bb2
Bc5 15. Bd4 Qb6 16. c3 Nxc3 17. Bxc3 Bxf2+ 18. Kh1 Bxe1 19. Qxe1 Rfe8 20. Nd2
Rad8 21. Qg3 d4 22. Nc4 Qc5 23. Bd2 Re6 24. Qf4 b5 25. Nd6 Qxe5 26. Nxf5 Rde8
27. Qxe5 Rxe5 28. Nxd4 1-0